000 00612nam a2200217 a 4500
001 BRCA_5929
005 20190320205251.0
008 220311s1951----mx-#######---#000-0#eng-#
041 _aeng
044 _amx
050 4 _aKF185
_b.A44
_c1951
245 1 0 _aThe American Club, A.C: Charter, by Laws and Rules and Regulations.
_cThe American Club.
260 _aMéxico
_c1951
300 _a80 p.
_c15 cm.
500 _aBy Laws en inglés; rules and regulations en español.
500 _aH160
650 1 4 _aLeyes
_xDerecho Estadounidense
_914979
650 1 4 _aReglas
_914980
902 _aGFM
942 _2lcc
_cB
999 _c5618
_d5618